Normal view
MARC view
Entry Geographic Name
001 - CONTROL NUMBER
- control field: 30952
003 - CONTROL NUMBER IDENTIFIER
- control field: OSt
005 - DATE AND TIME OF LATEST TRANSACTION
- control field: 20251111105727.0
008 - FIXED-LENGTH DATA ELEMENTS
- fixed length control field: 251111|| aca||aabn | a|a d
040 ## - CATALOGING SOURCE
- Original cataloging agency: OSt
- Transcribing agency: OSt
151 ## - HEADING--GEOGRAPHIC NAME
- Geographic name: Germany
- General subdivision: Social conditions
- Chronological subdivision: 1918-1933
- Form subdivision: Fiction.
670 ## - SOURCE DATA FOUND
- Source citation: Work cat.: (OSt): Hesse, Hermann. 30949, Demian:, 2013.